Az utazási irodák marketingkommunikációja

Bibliográfiai részletek
Szerző: Miskolczi Martina
További közreműködők: Remenyik Dr. Bulcsú
Dokumentumtípus: Projektmunka
Kulcsszavak:Utazási iroda
Utazásközvetítés
Marketing
CSR kommunikáció
Marketingkommunikáció
Online Access:http://dolgozattar.uni-bge.hu/11182

MARC

LEADER 00000nnm a2200000 i 4500
001 dolg11182
005 20170620132518.0
008 170512suuuu hu o 000 hun d
040 |a BGE Dolgozattár Repozitórium  |b hun 
041 |a hu 
100 1 |a Miskolczi Martina 
245 1 3 |a Az utazási irodák marketingkommunikációja  |c Miskolczi Martina  |h [elektronikus dokumentum] 
246 1 1 |a Az utazási irodák marketingkommunikációja 
516 |a Project_work 
695 |a Utazási iroda 
695 |a Utazásközvetítés 
695 |a  Marketing  
695 |a CSR kommunikáció 
695 |a Marketingkommunikáció  
700 1 |a Remenyik Dr. Bulcsú  |e ths 
856 4 0 |u http://dolgozattar.uni-bge.hu/11182/1/Projektmunka.pdf  |z Dokumentum-elérés